000 00860nam a22001337a 4500
040 _cRUA
082 _aAGR PHY2018 B020 Or.1
100 _aPHY, PHEAROT.
245 _aUsing Of Alor Vera (Aloe Barbadensis) As Anticocidial in Digestive System Of Three Bllod Chichen Research Station Of FVM-RUAការប្រើប្រាស់ប្រទាលកន្ទុយក្រពើ COCCIDIA ក្នុងប្រដាប់រំលាយអាហារមាន់បីឈាម នៅស្ថានីយស្រាវជ្រាវវេជ្ជសាស្រ្តសត្វនៃសាកលវិទ្យាល័យភូមិន្ទកសិកម្ម
260 _aPhnom Penh
_bRUA
_c2018
300 _a45p.
_bill.
_c29cm.
856 _uhttps://drive.google.com/file/d/1wlJxtjQyF54BdW2tDx34gajHyQ5KfXBT/view?usp=sharing
942 _cAGR
999 _c571
_d571